| 000 | 01319nam a22003617a 4500 | ||
|---|---|---|---|
| 001 | 364 | ||
| 003 | FISKH | ||
| 005 | 20230329131936.0 | ||
| 008 | 230329b cb ||||| |||| 00| 0 eng d | ||
| 020 | _a9780440420477 | ||
| 040 |
_aDLC _cDLC _beng _dFISKH |
||
| 042 | _alcac | ||
| 050 | 0 | 0 |
_aPZ7.B51197 _bPe 2007 |
| 082 | 0 | 0 |
_a813.6 _222 |
| 100 | 1 | _aBirdsall, Jeanne. | |
| 245 | 1 | 4 |
_aThe Penderwicks : _ba summer tale of four sisters, two rabbits, and a very interesting boy / _cJeanne Birdsall. |
| 260 |
_aNew York : _bYearling, _c2007. |
||
| 300 |
_a262 pages. ; _c20 cm. |
||
| 500 | _a"A Yearling book" --Tp. | ||
| 500 | _aSequel : The Penderwicks on Gardam Street. | ||
| 505 | _aM | ||
| 520 | _aWhile vacationing with their widowed father in the Berkshire Mountains, four young sisters, ages four through twelve, share adventures with a local boy, much to the dismay of his snobbish mother. | ||
| 521 | 8 |
_a800
_bLexile |
|
| 521 | 8 |
_aM
_bRaz-Plus |
|
| 586 | _aNational Book Award, 2005. | ||
| 650 | 1 |
_aSisters _vFiction. |
|
| 650 | 1 |
_aSingle-parent families _vFiction. |
|
| 650 | 1 |
_aVacations _vFiction. |
|
| 650 | 1 |
_aFriendship _vFiction. |
|
| 906 |
_a7 _bcbc _corigcop _d2 _encip _f20 _gy-gencatlg |
||
| 942 |
_2ddc _cBK _n0 |
||
| 999 |
_c364 _d364 |
||